Free as sons: (Record no. 6046)

MARC details
000 -LEADER
fixed length control field 00639nam a22001817a 4500
003 - CONTROL NUMBER IDENTIFIER
control field GBCCL
005 - DATE AND TIME OF LATEST TRANSACTION
control field 20241126110555.0
008 - FIXED-LENGTH DATA ELEMENTS--GENERAL INFORMATION
fixed length control field 180425b ||||| |||| 00| 0 eng d
040 ## - CATALOGING SOURCE
Transcribing agency gbc
082 ## - DEWEY DECIMAL CLASSIFICATION NUMBER
Classification number 262
Item number HOO
100 ## - MAIN ENTRY--PERSONAL NAME
Personal name Hook, Cecil
9 (RLIN) 8193
245 ## - TITLE STATEMENT
Title Free as sons:
Remainder of title Positive messages concerning liberating grace; unity without compromise in one, unstructured, universal body; non-judgmental acceptance without conformity; and other unique lessons /
Statement of responsibility, etc. Cecil Hook
260 ## - PUBLICATION, DISTRIBUTION, ETC.
Place of publication, distribution, etc. Texas:
Name of publisher, distributor, etc. Author
300 ## - PHYSICAL DESCRIPTION
Extent 143 p.;
Dimensions 21 cm.
650 ## - SUBJECT ADDED ENTRY--TOPICAL TERM
Topical term or geographic name entry element Church of Christ
General subdivision Doctrinal works
9 (RLIN) 10899
650 ## - SUBJECT ADDED ENTRY--TOPICAL TERM
Topical term or geographic name entry element Church Union
9 (RLIN) 10900
942 ## - ADDED ENTRY ELEMENTS (KOHA)
Source of classification or shelving scheme Dewey Decimal Classification
Koha item type Books
Holdings
Withdrawn status Lost status Source of classification or shelving scheme Damaged status Not for loan Home library Current Library Shelving location Date acquired Total checkouts Full call number Barcode Date last seen Copy number Price effective from Koha item type
    Dewey Decimal Classification     GRACE BIBLE COLLEGE GRACE BIBLE COLLEGE Ministry & Mission 2018-04-25   262 HOO 009838 2025-05-01 c.1 2018-04-25 Books
© Grace Bible College Library 2025